| 000 | 00394nam a2200145Ia 4500 | ||
|---|---|---|---|
| 008 | 240729s9999 xx 000 0 und d | ||
| 022 | _a2722-6603 | ||
| 245 | 0 | _aInsights in Public Health Journal | |
| 260 | _aIndonesia | ||
| 260 | _bJenderal soedirman university | ||
| 650 | _aMedicine | ||
| 856 | _uhttps://doaj.org/toc/9970e2c2ca0c4976b75ae1cb7350a8e8 | ||
| 942 | _2ddc | ||
| 942 | _cDOAJEJ | ||
| 999 |
_c66989 _d66989 |
||
| 945 |
_a1 _bMadushi Gamage _c1 _dMadushi Gamage |
||